000 00526cam a22001097a 4500
008 180718b1971 xxu||||| |||| 00| 0 eng d
082 _aT068x54 In2/232
245 _aConsumer expenditure of the weaker section of the rural population of India: national sample survey
_cby National Sample Survey Organisation, Department of Statistics. Ministry of Planning
260 _aNew Delhi
_bGovernment of India
_c1971
300 _av.p.
700 _aIndia. National Sample Survey Organisation, Department of Statistics. Ministry of Planning
999 _c497105
_d497105